00809nam a2200241 a 4500001001000000005001700010008004100027010001500068020001800083040001300101042000800114050002400122100002700146245008800173260005700261300005300318504005300371521002800424650002900452650003400481650002500515700002700540SSB06206020140924142753.0100920s2012 ohua b 001 0 eng  a2010937493 a9781133953593 aDLCcDLC apcc00aHD 58.7b.P544 20141 aPhillips, Jean,d1969-10aOrganizational behavior :btools for success /cJean M. Phillips, Stanley M. Gully. aMason, OH :bSouth-Western Cengage Learning,cc2014. axxv, 563 pages :bcolored illustration ;c29 cm. aIncludes bibliographical references and indexes. aBusiness Administration 0aOrganizational behavior. 0aOrganizational effectiveness. 0aSuccess in business.1 aGully, Stanley Morris.